| 000 | 02623nas1a22003131i 4500 | ||
|---|---|---|---|
| 001 | RU\NLR\INFOCOMM5\1000348035 | ||
| 005 | 20240726045743.0 | ||
| 035 | _a(NLR Aleph) 002514570 | ||
| 090 |
_a2709328 _c2709328 |
||
| 100 | _a20040427c1976 |||y0rusy50 ca | ||
| 101 | 0 | _arus | |
| 102 | _aRU | ||
| 110 | _aayu||||0|y0 | ||
| 200 | 1 |
_aМетеорологический ежегодник _eНаблюдения гидрометеорологических станций и постов над снежным покровом (снегосъемки) _hВып.35 _fГлав. упр. гидрометеорол. службы при Совете Министров СССР. Амдермин. упр. гидрометеорол. службы. Амдермин. гидрометеорол. обсерватория |
|
| 210 |
_aОбнинск _d1976- |
||
| 440 | 1 |
_12001#$aМетеорологический ежегодник$eНаблюдения гидрометеорологических станций и постов над снежным покровом (снегосъемки) _tМетеорологический ежегодник |
|
| 712 | 0 | 2 |
_aАмдерминская гидрометеорологическая обсерватория _4570 |
| 801 | 1 |
_aRU _bInfoComm _c20040427 |
|
| 801 | 0 |
_aRU _bNLR _gPSBO |
|
| 852 |
_aNLR _jП7/1759 |
||
| 942 | _cJOURNAL | ||
| 980 | _aRUSPER | ||